Open Data Biblioteca Nacional de Portugal


República Portuguesa: Ministério da Cultura
Biblioteca Nacional de Portugal

Catálogo da BNP: acesso por Identificadores Unívocos
Registos Bibliográficos associados ao registo de autoridade

Etiqueta de registo: 00254nam 2200025 450
001 2284976
003 http://id.bnportugal.gov.pt/bib/catbnp/2284976
010 ## $a9789892310534
100 ## $a20260422d2009 m y0pory01030103ba
101 0# $apor$afre
102 ## $aPT
105 ## $aa t 000yy
106 ## $ar
200 1# $a A maldição dos trinta denários.$iTomo 1$fJean Van Hamme$gRené Sterne, Chantal De Spiegeleer
210 #9 $aAlfragide$cASA,$d2009
215 ## $a56 p.$cill. color.$d30 cm
225 2# $aAs aventuras de Blake e Mortimer$v19
304 ## $aEdição especial de colecionador
304 ## $aTradução de manuel de Oliveira
304 ## $aTít. orig.: La malédiction des trente deniers
317 ## $aColeção Leandro de Moraes Sarmento$5PTBN: L.M.S. 411
606 ## $aBanda desenhada$yBélgica$zSéc. 20$2SIPOR$31996305
675 ## $a087.5$vBN$zpor$3287999
675 ## $a741(=1:493)"19/20"$vBN$zpor$31499667
675 ## $a821.133.1(493)-9"19/20"$vBN$zpor$31146680
700 #1 $aVan Hamme,$bJean,$f1939-$370819
702 #1 $aSterne,$bRené,$cpseud.$4440$3854939
702 #1 $aSpiegeleer,$bChantal de$4440$336084
702 #1 $a Croix,$bLaurence$4440$31469389
702 #1 $912$aOliveira,$bManuel de$4730$31996560
801 #0 $aPT$bBN$gRPC
966 ## $lBN$mFGMON$pBiblioteca particular Leandro de Moraes Sarmento$sL.M.S. 411 $x3

Etiqueta de registo: 00254nam 2200025 450
001 2284975
003 http://id.bnportugal.gov.pt/bib/catbnp/2284975
010 ## $a9789892306513
100 ## $a20260422d2009 m y0pory01030103ba
101 0# $apor$afre
102 ## $aPT
105 ## $aa t 000yy
106 ## $ar
200 1# $a A maldição dos trinta denários.$iTomo 1$fJean Van Hamme$gRené Sterne, Chantal De Spiegeleer
205 ## $a1ª ed.
210 #9 $aAlfragide$cASA,$d2009
215 ## $a56 p.$cill. color.$d30 cm
225 2# $aAs aventuras de Blake e Mortimer$v19
304 ## $aTradução de manuel de Oliveira
304 ## $aTít. orig.: La malédiction des trente deniers
317 ## $aColeção Leandro de Moraes Sarmento$5PTBN: L.M.S. 410
606 ## $aBanda desenhada$yBélgica$zSéc. 20$2SIPOR$31996305
675 ## $a087.5$vBN$zpor$3287999
675 ## $a741(=1:493)"19/20"$vBN$zpor$31499667
675 ## $a821.133.1(493)-9"19/20"$vBN$zpor$31146680
700 #1 $aVan Hamme,$bJean,$f1939-$370819
702 #1 $aSterne,$bRené,$cpseud.$4440$3854939
702 #1 $aSpiegeleer,$bChantal de$4440$336084
702 #1 $a Croix,$bLaurence$4440$31469389
702 #1 $912$aOliveira,$bManuel de$4730$31996560
801 #0 $aPT$bBN$gRPC
966 ## $lBN$mFGMON$pBiblioteca particular Leandro de Moraes Sarmento$sL.M.S. 410 $x3

OpendataBNP@bnportugal.pt | Mais informação sobre acesso aos dados BNP